Irregular Past Participle - Statistics

General Stats
  • This quiz has been taken 14 times
  • The average score is 15 of 20
Answer Stats
Hint Answer % Correct
Appartenir Appartenu
100%
Apprendre Appris
100%
Boire Bu
100%
Découvrir Découvert
100%
Dire Dit
100%
Être Été
100%
Avoir Eu
100%
Lire Lu
100%
Mourir Mort
100%
Offir Offert
100%
Ouvrir Ouvert
100%
Peindre Peint
100%
Revenir Revenu
100%
Tenir Tenu
100%
Venir Venu
100%
Vouloir Voulu
100%
Comprendre Compris
83%
Naître
83%
Prendre Pris
83%
Détruire Détruit
80%
Devenir Devenu
80%
Devoir
80%
Faire Fait
80%
Mettre Mis
75%
Pouvoir Pu
75%
Souvenir Souvenu
75%
Courir Couru
67%
Croire Cru
67%
Savoir Su
67%
Traduire Traduit
67%
Voir Vu
67%
Conduire Conduit
60%
Décrire Décrit
60%
Falloir Fallu
60%
Réduire Réduit
57%
Connaître Connu
50%
Couvrir Couvert
50%
Écrire Écrit
50%
Recevoir Reçu
50%
Vivre Vécu
50%
Construire Construit
33%
Suivre Suivi
33%
Produire Produit
20%
No matching quizzes found
Score Distribution
Percent of People with Each Score
Percentile by Number Answered
Your Score History
You have not taken this quiz